<?xml version="1.0" encoding="UTF-8"?>
<collection xmlns="http://www.loc.gov/MARC21/slim">
 <record>
  <leader>00570pamaa2200157   4500</leader>
  <controlfield tag="001">0000013903</controlfield>
  <controlfield tag="005">20060906090000.0</controlfield>
  <datafield tag="020" ind1="0" ind2="0">
   <subfield code="a">[ ? ] </subfield>
  </datafield>
  <datafield tag="082" ind1=" " ind2=" ">
   <subfield code="a">540 CHE</subfield>
  </datafield>
  <datafield tag="090" ind1="0" ind2="0">
   <subfield code="a">QD33 </subfield>
   <subfield code="b">CHE 1990</subfield>
  </datafield>
  <datafield tag="245" ind1="0" ind2="0">
   <subfield code="a">CHEMISTRY problems book for senior secondary school  </subfield>
   <subfield code="c">edited by John Anderton, Chris Kolomyjec and Pat Garnett.</subfield>
  </datafield>
  <datafield tag="260" ind1="0" ind2="0">
   <subfield code="a">Australia: </subfield>
   <subfield code="b">Science Teachers' Association of Western Australia, </subfield>
   <subfield code="c">1990.</subfield>
  </datafield>
  <datafield tag="300" ind1=" " ind2=" ">
   <subfield code="a">150p.: </subfield>
   <subfield code="b">24cm.</subfield>
  </datafield>
  <datafield tag="650" ind1="0" ind2="0">
   <subfield code="a">Chemistry -- </subfield>
   <subfield code="x">Problems, exercises, etc </subfield>
  </datafield>
  <datafield tag="700" ind1="1" ind2="1">
   <subfield code="a">Anderton, </subfield>
   <subfield code="h">John </subfield>
  </datafield>
  <datafield tag="710" ind1="1" ind2="1">
   <subfield code="a">Science Teachers' Association of Western Australia, Inc </subfield>
  </datafield>
 </record>
</collection>
